000 00540nam a2200217 a 4500
003 AR-BaBNM
005 20251128203631.0
008 082120s2002 ||||||||||||||000 | spa||
040 _cAR-BaBNM
100 1 _aChocano, José Santos
245 0 0 _aMemorias
_blas mil y una aventuras
260 _aSantiago de Chile
_bNascimento
_c1940
300 _a350 p.
650 4 _aLITERATURA LATINOAMERICANA
650 4 _aPROSA
653 _aLITERATURA PERUANA
653 _aMODERNISMO
655 _aLITERATURA
942 _cBK
998 _cCarmen
999 _c4247
_d4247